| 000 | 00526nam a2200181 i 4500 | ||
|---|---|---|---|
| 001 | 72928 | ||
| 003 | ES-MaACL | ||
| 005 | 20230906171617.0 | ||
| 007 | t| | ||
| 008 | 040903m19451949sp ||||1| spa d | ||
| 100 | 1 |
_aGoldaraz Campo, V. _957640 |
|
| 245 | 1 | 0 |
_aGuía del conductor / _cpor V. Goldaraz Campo ; dibujos A. Bosch Piana. |
| 250 | _a1ª ed. | ||
| 260 |
_aBarcelona : _bFrancisco Sèz, _c1945-49. |
||
| 300 |
_a178 p. : _bil. ; _c22 cm. |
||
| 700 | 1 |
_aBosch Piana, A. _930665 |
|
| 852 |
_aES-MaACL _jD-7718 _bR.28816 |
||
| 999 |
_c72928 _d72928 |
||